| 000 | 00888nam a2200217Ia 4500 | ||
|---|---|---|---|
| 999 |
_c39910 _d39910 |
||
| 001 | 6515 | ||
| 003 | GE_BSU | ||
| 005 | 20191120170420.0 | ||
| 008 | 181216s1946||||g |||||||||||||| ||ge || | ||
| 040 | _cGE_BSU | ||
| 041 | _ageo | ||
| 080 | _a821.353.1-11 გ-12 | ||
| 100 |
_aგაბესკირია, ვიქტორ. _95430 |
||
| 245 |
_aქეთევან წამებული : _bდრამატული პოემა / _cვიქტორ გაბესკირია ; რედ. ა. კელენჯერიძე. |
||
| 264 |
_aბათუმი : _bაჭარის სახელგამი, _c1946. |
||
| 300 |
_a58 გვ. ; _c19 სმ. |
||
| 653 | _aპოემა | ||
| 653 | _aქეთევან წამებული | ||
| 700 |
_aკელენჯერიძე, ა. _eრედაქტორი _95490 |
||
| 942 |
_cBK _2udc |
||